Azsia 2002. Helyzetkép. {Asia 2002. Analiza situatiei}. [Asia 2002. Analysis]
Elmentve itt :
| Szerző: | |
|---|---|
| Adatforrás: | Meister |
| Forrásdokumentuma: | Korunk. - 2002. 9, 6-15. |
| Nyelv: | magyar |
| Kulcsszavak: | politikai analízis Azsia analiza politica Asia political analysis |
| LEADER | 00477nab a2200169 i 4500 | ||
|---|---|---|---|
| 001 | bibPRO00010739 | ||
| 008 | 080908s2002 xx hun | ||
| 040 | |a Sz1 | ||
| 041 | |a hun | ||
| 100 | 1 | |a BALOGH András | |
| 245 | 1 | 0 | |a Azsia 2002. Helyzetkép. {Asia 2002. Analiza situatiei}. [Asia 2002. Analysis] |c BALOGH András |
| 695 | |a politikai analízis | ||
| 695 | |a Azsia | ||
| 695 | |a analiza politica | ||
| 695 | |a Asia | ||
| 695 | |a political analysis | ||
| 773 | 0 | |t Korunk. - |g 2002. 9, 6-15. | |